000
00280nam a22001337a 4500
008
170411b xxu||||| |||| 00| 0 eng d
020
_a
0721638090
041
_a
eng
080
_a
612.39
100
_a
9
101
_a
shm
245
_a
INFANT NUTRITION
_c
FOMON
942
_2
udc
_c
BK
999
_c
10344
_d
10344